Comfort of the Apostle A testimony of faith in the undying father
Guardat en:
| Autor principal: | |
|---|---|
| Format: | Llibre |
| Idioma: | anglès |
| Publicat: |
Gihon Spring Trans-National Ltd.
2018.
|
| Etiquetes: |
Afegir etiqueta
Sense etiquetes, Sigues el primer a etiquetar aquest registre!
|
MARC
| LEADER | 00000nam a22000007a 4500 | ||
|---|---|---|---|
| 008 | 230113b |||||||| |||| 00| 0 eng d | ||
| 020 | |a 9789785570328 | ||
| 100 | |a SONAIYA ,Confort Mobolaji |a Emmanuel Babafunso Sonaiya. | ||
| 245 | |a Comfort of the Apostle |b A testimony of faith in the undying father |c Comfort Mobolaji Sonaiya |g 116P. | ||
| 260 | |b Gihon Spring Trans-National Ltd. |c 2018. |d Book. |h Lagos. |i 695041 |i 695042 |i 695043 |l 695044 |m 695045 |m 695881 |m 695882 |m 695883 |m 695884 |m 695885 | ||
| 500 | |a "It includes Map and Pictures". | ||
| 942 | |a lcc |c BK |e Olagoke, M.A. |f 13/01/2023. | ||
| 952 | |0 0 |1 0 |2 lcc |4 0 |7 0 |9 4136 |a ART |b ART |d 2023-01-13 |l 0 |p 2023-0067 |r 2023-01-13 00:00:00 |w 2023-01-13 |y BK | ||
| 952 | |0 0 |1 0 |2 lcc |4 0 |7 0 |9 4137 |a ART |b ART |d 2023-01-13 |l 0 |p 2023-0068 |r 2023-01-13 00:00:00 |w 2023-01-13 |y BK | ||
| 952 | |0 0 |1 0 |2 lcc |4 0 |7 0 |9 4138 |a ART |b ART |d 2023-01-13 |l 0 |p 2023-0069 |r 2023-01-13 00:00:00 |w 2023-01-13 |y BK | ||
| 952 | |0 0 |1 0 |2 lcc |4 0 |7 0 |9 4139 |a ART |b ART |d 2023-01-13 |l 0 |p 2023-0070 |r 2023-01-13 00:00:00 |w 2023-01-13 |y BK | ||
| 952 | |0 0 |1 0 |2 lcc |4 0 |7 0 |9 4140 |a ART |b ART |d 2023-01-13 |l 0 |p 2023-0071 |r 2023-01-13 00:00:00 |w 2023-01-13 |y BK | ||
| 952 | |0 0 |1 0 |2 lcc |4 0 |7 0 |9 4141 |a ART |b ART |d 2023-01-13 |l 0 |p 2023-0072 |r 2023-01-13 00:00:00 |w 2023-01-13 |y BK | ||
| 952 | |0 0 |1 0 |2 lcc |4 0 |7 0 |9 4142 |a ART |b ART |d 2023-01-13 |l 0 |p 2023-0073 |r 2023-01-13 00:00:00 |w 2023-01-13 |y BK | ||
| 952 | |0 0 |1 0 |2 lcc |4 0 |7 0 |9 4143 |a ART |b ART |d 2023-01-13 |l 0 |p 2023-0074 |r 2023-01-13 00:00:00 |w 2023-01-13 |y BK | ||
| 952 | |0 0 |1 0 |2 lcc |4 0 |7 0 |9 4144 |a ART |b ART |d 2023-01-13 |l 0 |p 2023-0075 |r 2023-01-13 00:00:00 |w 2023-01-13 |y BK | ||
| 952 | |0 0 |1 0 |2 lcc |4 0 |7 0 |9 4145 |a ART |b ART |d 2023-01-13 |l 0 |p 2023-0076 |r 2023-01-13 00:00:00 |w 2023-01-13 |y BK | ||
| 999 | |c 2074 |d 2074 | ||